Strzelcy bramek w reprezentacji za kadencji Brzęczka - Statystyki

Ogólne statystyki
  • Ten quiz został rozwiązany 921 razy
  • Średni wynik to 12 z 16
Statystyki odpowiedzi
Liczba bramek Zawodnik % Poprawnych
8 Robert Lewandowski
100%
3 Arkadiusz Milik
98%
7 Krzysztof Piątek
97%
2 Kamil Glik
96%
1 Grzegorz Krychowiak
91%
5 Kamil Grosicki
91%
1 Piotr Zieliński
90%
1 Jakub Błaszczykowski
82%
1 Kamil Jóźwiak
66%
1 Sebastian Szymański
65%
1 Jakub Moder
63%
1 Mateusz Klich
58%
1 Karol Linetty
49%
1 Jacek Góralski
48%
1 Przemysław Frankowski
46%
1 Damian Kądzior
43%
Nie znaleziono quizów pasujących do podanych kryteriów
Rozkład punktacji
Procent ludzi z każdym wynikiem
Percentyl według liczby udzielonych odpowiedzi
Twoja historia wyników
Nie rozwiązałeś tego quizu